000 00808ngm a22003010a 4500
001 PT16558
003 AR-LpoUNG
005 20210202000215.0
007 vd cvaizq
008 191001s2001||||ag |||||||||||||||||spa d
037 _c$8.30
040 _aAR-LpoUNG
_bspa
_cAR-LpoUNG
_eaacr
041 _aspa
044 _aag
082 0 _a909 532V30
245 1 0 _aGuerras dinĂ¡sticas medievales :
_bla guerra de las dos rosas
260 _aBuenos Aires :
_bKalender Video Argentina,
_c2001.
300 _aVHS (56 min.) : son., byn, col.
650 4 _aCONFLICTOS ARMADOS
650 4 _aCULTURA SOCIEDAD
650 4 _aGUERRA
650 4 _aHISTORIA SOCIAL
653 _aVIDEOS
653 _aVIDEOS DIDACTICOS
710 2 _aMetropolitan Museum of Art (New York)
905 _a16558
942 _cVIDEO
999 _c54341
_d54341